Statistics for Top 20 Most Populous Countries in 2100

Click here to take the quiz!

General Stats

  • This quiz has been taken 22 times
  • The average score is 18 of 20

Answer Stats

RankPopulationCountry% Correct
13190MBrazil
100%
21.02BChina
100%
11.51BIndia
100%
7306MIndonesia
100%
12192MNiger
100%
3794MNigeria
100%
4447MUnited States
100%
14173MBangladesh
95%
11198MEgypt
95%
19142MKenya
95%
18151MMexico
95%
6352MPakistan
95%
5379MDemocratic Republic of the Congo
89%
9249MEthiopia
89%
15173MPhilippines
84%
8304MTanzania
84%
20138MSudan
79%
16173MAngola
74%
17155MIraq
74%
10213MUganda
58%

Score Distribution

Percentile by Number Answered

Percent of People with Each Score

Your Score History

You have not taken this quiz